American criminal law review

Bibliographic Details
Format: Unknown
Language:English
Published: [s.l.] American Bar Association
Subjects:
Online Access:Acceso restringido

MARC

LEADER 00000ny a22000003n 4500
005 2011051107077.0
008 A10218c1971 us qr p r 0 a0eng d
022 |a 0164-0364 
035 |a 2881 
040 |a BUS  |d vLex 
080 |a 343 73 05 
090 |c 1625  |d 1625 
245 0 0 |a American criminal law review  |h [Recurso electrn̤ico] 
256 |a Servicio en ln̕ea 
260 |a [s.l.]  |b American Bar Association 
310 |a Trimestral 
506 1 |a Contenido solo disponible en los productos indicados  |d vLex Global  |d vLex Global (Academic Edition, excluding Law Schools)  |d vLex Global (Academic Edition, Law Schools) 
650 0 4 |a Derecho penal  |z Estados Unidos  |x Publicaciones perid̤icas 
650 0 4 |a Law 
740 0 |a vLex Revista (Servicios en ln̕ea) 
843 |a Electrn̤ica. Abierta 
853 |8 1  |i (year)  |j (month)  |k (day) 
856 4 0 |u http://vlex.com/source/2881  |z Acceso restringido 
942 |c REV